Egyptian Gods: Real or Fake? Quiz Stats

 Plays Quiz Updated Jul 5, 2015

Challenge
Share
Tweet
Embed
Score 0/20 Timer 03:00
2 Plays Today
Egyptian God (?) Real or Fake? % Correct
Ra???
92.6%
Osiris???
85%
Samson???
77.5%
Bast???
75.6%
Thoth???
75%
Atum???
73%
Nut???
72.6%
Hathor???
69.2%
Sobek???
68.7%
Djoser???
67.7%
Egyptian God (?) Real or Fake? % Correct
Bat???
66.3%
Geb???
64.2%
Sahure???
58.9%
Nedjemibre???
52.3%
Menkaura???
50.4%
Menes???
47.1%
Maahes???
42.1%
Setnakht???
41.3%
Khufu???
39.6%
Nefer???
35%

You're not logged in!

Compare scores with friends on all Sporcle quizzes.
Join for Free
OR
Log In

You Might Also Like...

Show Comments

Extras

Top Quizzes Today


Score Distribution

Your Account Isn't Verified!

In order to create a playlist on Sporcle, you need to verify the email address you used during registration. Go to your Sporcle Settings to finish the process.

Report this User

Report this user for behavior that violates our Community Guidelines.

Details: